Hunger Games - Les Coveys - Statistiques

Statistiques générales
  • Ce quiz a été pris 146 fois
    77 depuis la dernière actualisation
  • Le résultat moyen est 4 sur 7
Statistiques - réponses
Hint Réponse % Correct
La ballade du serpent et de l'oiseau chanteur Lucy Gray Baird
99%
Lever de soleil sur la moisson Lenore Dove
82%
La ballade du serpent et de l'oiseau chanteur Tam Amber
63%
La ballade du serpent et de l'oiseau chanteur Maude Ivory
58%
La ballade du serpent et de l'oiseau chanteur Clerk Carmine
43%
La ballade du serpent et de l'oiseau chanteur Billie Taupe
34%
La ballade du serpent et de l'oiseau chanteur Barb Azure
24%
Aucun quiz correspondant
Distribution des résultats
% des personnes avec chaque résultat
Percentile par nombre de réponses
Votre historique - résultats
Vous n’avez pas pris ce quiz depuis la dernière actualisation